Κατάλογος Βιβλιοθηκών Mediterranean College

Πρακτικός Οδηγός για τις Μαθησιακές Δυσκολίες / Ανίχνευση και Παιδαγωγική Αντιμετώπιση για Εκπαιδευτικούς και Γονείς, για το Νηπιαγωγείο και τις Πρώτες Τάξεις του Δημοτικού (Record no. 8170)

MARC details
000 -LEADER
fixed length control field 01545cam a22001814a 4500
005 - ΗΜΕΡΟΜΗΝΙΑ ΚΑΙ ΩΡΑ ΤΕΛΕΥΤΑΙΑΣ ΕΝΗΜΕΡΩΣΗΣ
Πεδίο ελέγχου 20250605164328.0
008 - FIXED-LENGTH DATA ELEMENTS--GENERAL INFORMATION
Πεδίο ελέγχου σταθερού μήκους 250528s ||||||||||||||||||||||||d
035 ## - SYSTEM CONTROL NUMBER
System control number 23140
040 ## - ΠΗΓΗ ΚΑΤΑΛΟΓΟΓΡΑΦΗΣΗΣ
Φορέας πρωτότυπης καταλογογράφησης MC Athens Campus Library
Γλώσσα καταλογογράφησης Ελληνικά, Μοντέρνα (1453-)
Modifying agency MC Athens Campus Library
Κανόνες περιγραφικής καταλογογράφησης AACR2
245 1# - ΤΙΤΛΟΣ ΚΑΙ ΔΗΛΩΣΗ ΥΠΕΥΘΥΝΟΤΗΤΑΣ
Τίτλος Πρακτικός Οδηγός για τις Μαθησιακές Δυσκολίες / Ανίχνευση και Παιδαγωγική Αντιμετώπιση για Εκπαιδευτικούς και Γονείς, για το Νηπιαγωγείο και τις Πρώτες Τάξεις του Δημοτικού
260 ## - PUBLICATION, DISTRIBUTION, ETC.
Name of publisher, distributor, etc. Κέδρος Εκπαίδευση,
Date of publication, distribution, etc. 2007
300 ## - PHYSICAL DESCRIPTION
Extent 264
520 ## - SUMMARY, ETC.
Summary, etc. Ο οδηγός αυτός απευθύνεται σε εκπαιδευτικούς, γονείς και μαθητές του Νηπιαγωγείου και των πρώτων σχολών του Δημοτικού Σχολείου. ΄΄Εχει ως στόχο, μέσα από ποικίλες ασκήσεις και δραστηριότητες, να βοηθήσει τους μαθητές που αντιμετωπίζουν προβλήματα ανάγνωσης και γραφής. Οδηγίες για τη Χρήση του Βιβλίου (Βιβλίο για το Δάσκαλο ή το Γονιό), Γράμματα και Εικόνες, Καρτέλα Δυσλεξίας, Διψήφιο Φωνήεν, Δίφθογγοι, Καταχρηστικοί Δίφθογγοι.
700 1# - ΠΡΟΣΘΕΤΗ ΑΝΑΓΡΑΦΗ--ΦΥΣΙΚΟ ΠΡΟΣΩΠΟ
Personal name Μπούκας Δημήτρης
9 (RLIN) 8704
942 ## - ADDED ENTRY ELEMENTS (KOHA)
Koha item type Books
Holdings
Τύπος τεκμηρίου Βιβλιοθήκη Τρέχουσα τοποθεσία Barcode Αριθμός εισαγωγής Ημερομηνία απόκτησης Ταξιθετικό σύμβολο Αριθμός αντιτύπου Κατάσταση απόσυρσης Κατάσταση χαμένου Κατάσταση κατεστραμμένου Μη δανεισμός Σύνολο δανεισμών Ημερομηνία τελευταίας εμφάνισης Η τιμή ισχύει από
Books MC Athens Campus Library MC Athens Campus Library 9780000081698 7638 05/06/2025 371.9263 BOU 1           05/06/2025 05/06/2025

MC Athens Campus Library
Πατησίων 94 & Κοδριγκτώνος 13, 104 34
Πελλήνης 8 & Πατησίων 107, 112 51
Τ: +30 210 8899600

MC Thessaloniki Campus Library
Ίωνος Δραγούμη 21, 54625 | Ίωνος Δραγούμη 15, 54625
Τ: +30 2310 287779 – Τ: +30 2314 440300